The 'Jennifer' Quiz Stats

 Plays Quiz not verified by Sporcle

Challenge
Share
Tweet
Embed
Score 0/8 Timer 04:00
0 Plays Today
% Correct
Jennifer Aniston
94.1%
Jennifer Garner
87.3%
Jennifer Hudson
85.3%
Jennifer Love Hewitt
84.2%
Jennifer's Body
83.8%
Jennifer Lopez
80.7%
Jennifer Connelly
42.8%
Jennifer Tilly
34.6%

You're not logged in!

Compare scores with friends on all Sporcle quizzes.
OR
Log In

You Might Also Like...

Show Comments

Extras

Created Dec 5, 2009ReportNominate
Tags:jennifer, term

Top Quizzes Today


Score Distribution

Your Account Isn't Verified!

In order to create a playlist on Sporcle, you need to verify the email address you used during registration. Go to your Sporcle Settings to finish the process.

Report this User

Report this user for behavior that violates our Community Guidelines.

Details: